| 000 -LEADER |
| fixed length control field |
02030cam a22004455i 4500 |
| 001 - CONTROL NUMBER |
| control field |
21770337 |
| 005 - DATE AND TIME OF LATEST TRANSACTION |
| control field |
20230216103541.0 |
| 006 - FIXED-LENGTH DATA ELEMENTS--ADDITIONAL MATERIAL CHARACTERISTICS |
| fixed length control field |
m |o d | |
| 007 - PHYSICAL DESCRIPTION FIXED FIELD--GENERAL INFORMATION |
| fixed length control field |
cr ||||||||||| |
| 008 - FIXED-LENGTH DATA ELEMENTS--GENERAL INFORMATION |
| fixed length control field |
180530s2019 gw |||| o |||| 0|eng |
| 010 ## - LIBRARY OF CONGRESS CONTROL NUMBER |
| LC control number |
2019759740 |
| 020 ## - INTERNATIONAL STANDARD BOOK NUMBER |
| International Standard Book Number |
9783319774923 |
| 024 7# - OTHER STANDARD IDENTIFIER |
| Standard number or code |
10.1007/978-3-319-77492-3 |
| Source of number or code |
doi |
| 035 ## - SYSTEM CONTROL NUMBER |
| System control number |
(DE-He213)978-3-319-77492-3 |
| 082 04 - DEWEY DECIMAL CLASSIFICATION NUMBER |
| Classification number |
005.8,KOT |
| 245 00 - TITLE STATEMENT |
| Title |
Cyber Resilience of Systems and Networks / |
| Statement of responsibility, etc. |
edited by Alexander Kott, Igor Linkov. |
| 250 ## - EDITION STATEMENT |
| Edition statement |
1st ed. 2019. |
| 264 #1 - PRODUCTION, PUBLICATION, DISTRIBUTION, MANUFACTURE, AND COPYRIGHT NOTICE |
| Place of production, publication, distribution, manufacture |
Cham : |
| Name of producer, publisher, distributor, manufacturer |
Springer International Publishing : |
| -- |
Imprint: Springer, |
| Date of production, publication, distribution, manufacture, or copyright notice |
2019. |
| 300 ## - PHYSICAL DESCRIPTION |
| Extent |
1 online resource (X, 475 pages 121 illustrations, 87 illustrations in color.) |
| 336 ## - CONTENT TYPE |
| Content type term |
text |
| Content type code |
txt |
| Source |
rdacontent |
| 337 ## - MEDIA TYPE |
| Media type term |
computer |
| Media type code |
c |
| Source |
rdamedia |
| 338 ## - CARRIER TYPE |
| Carrier type term |
online resource |
| Carrier type code |
cr |
| Source |
rdacarrier |
| 347 ## - DIGITAL FILE CHARACTERISTICS |
| File type |
text file |
| Encoding format |
PDF |
| Source |
rda |
| 490 1# - SERIES STATEMENT |
| Series statement |
Risk, Systems and Decisions, |
| International Standard Serial Number |
2626-6717 |
| 505 0# - FORMATTED CONTENTS NOTE |
| Formatted contents note |
Part 1. Quantifying Cyber Resilience (Page-29), Part 2. Assessment and Analysis of Cyber Resilience (Page-69), Part 3. Enhancing Cyber Resilience (Page-197), Part 4. Cyber Resilience in Selected Classes of Systems and Networks (Page-355). |
| 650 #0 - SUBJECT ADDED ENTRY--TOPICAL TERM |
| Topical term or geographic name entry element |
Computer security. |
| 9 (RLIN) |
570 |
| 650 #0 - SUBJECT ADDED ENTRY--TOPICAL TERM |
| Topical term or geographic name entry element |
Industrial safety. |
| 650 #0 - SUBJECT ADDED ENTRY--TOPICAL TERM |
| Topical term or geographic name entry element |
Quality control. |
| 650 #0 - SUBJECT ADDED ENTRY--TOPICAL TERM |
| Topical term or geographic name entry element |
Reliability. |
| 9 (RLIN) |
109127 |
| 650 14 - SUBJECT ADDED ENTRY--TOPICAL TERM |
| Topical term or geographic name entry element |
Quality Control, Reliability, Safety and Risk. |
| Authority record control number or standard number |
https://scigraph.springernature.com/ontologies/product-market-codes/T22032 |
| 9 (RLIN) |
109128 |
| 650 24 - SUBJECT ADDED ENTRY--TOPICAL TERM |
| Topical term or geographic name entry element |
Systems and Data Security. |
| Authority record control number or standard number |
https://scigraph.springernature.com/ontologies/product-market-codes/I28060 |
| 9 (RLIN) |
98490 |
| 700 1# - ADDED ENTRY--PERSONAL NAME |
| Personal name |
Kott, Alexander. |
| Relator term |
editor. |
| 9 (RLIN) |
109129 |
| 700 1# - ADDED ENTRY--PERSONAL NAME |
| Personal name |
Linkov, Igor. |
| Relator term |
editor. |
| 9 (RLIN) |
109130 |
| 776 08 - ADDITIONAL PHYSICAL FORM ENTRY |
| Relationship information |
Print version: |
| Title |
Cyber resilience of systems and networks |
| International Standard Book Number |
9783319774916 |
| Record control number |
(DLC) 2018940877 |
| 776 08 - ADDITIONAL PHYSICAL FORM ENTRY |
| Relationship information |
Printed edition: |
| International Standard Book Number |
9783030084677 |
| 776 08 - ADDITIONAL PHYSICAL FORM ENTRY |
| Relationship information |
Printed edition: |
| International Standard Book Number |
9783319774916 |
| 776 08 - ADDITIONAL PHYSICAL FORM ENTRY |
| Relationship information |
Printed edition: |
| International Standard Book Number |
9783319774930 |
| 830 #0 - SERIES ADDED ENTRY--UNIFORM TITLE |
| Uniform title |
Risk, Systems and Decisions, |
| International Standard Serial Number |
2626-6717 |
| 9 (RLIN) |
109131 |
| 942 ## - ADDED ENTRY ELEMENTS (KOHA) |
| Source of classification or shelving scheme |
|
| Koha item type |
Book |